December

Bibliographic Details
Main Author: Dibus, Igor (Author)
Format: Article
Language:Slovak
PhysicalDescription:Fotogr.
ISSN:0139-6064
Subjects:

MARC

LEADER 00000nab a2200000 a 4500
001 vtls008952664
003 SK-MaSNL
005 20260304135628.0
008 250505c2006 xo |||||||||||000 b|slo
015 |a SNBRB2007/03  |2 snkbucl 
035 |a (uuid)1da99533-51c2-4f37-8b49-1b9e654a8b31 
035 |a urn:nbn:sk:snk-abzit 
035 |a (urnnbn)urn:nbn:sk:snk:ar-a004ly 
038 |a SNKBUCL 
040 |a SNKBUCL  |b slo  |c SNKBUCL  |e AACR2 
041 0 |a slo 
044 |a xo  |c SK 
080 |a 638.14.01  |2 1997 
100 1 |a Dibus, Igor  |4 aut  |9 1455062 
245 1 0 |a December  |c Igor Dibus 
300 |b Fotogr. 
650 0 7 |a včelárstvo  |2 snkbucl  |9 3997 
650 0 7 |a práce  |2 snkbucl  |9 392671 
650 0 7 |a december  |2 snkbucl  |9 873245 
773 0 |t Včelár  |g Roč. LXXX, č. 12 (2006), s. 178-179  |x 0139-6064 
850 |a Slovenská národná knižnica 
852 |a Slovenská národná knižnica 
954 |a odborná, vedecká literatúra pôvodná (slovenská)  |2 lita 
958 |a article27 
958 |a OND 
958 |a EUIPO 
999 |c 2911548  |d 2913478